Helping victims of sexual abuse : (Record no. 10702)
[ view plain ]
| 000 -LEADER | |
|---|---|
| fixed length control field | 00923nam a2200277 a 4500 |
| 001 - CONTROL NUMBER | |
| control field | 20016005 |
| 003 - CONTROL NUMBER IDENTIFIER | |
| control field | OCoLC |
| 005 - DATE AND TIME OF LATEST TRANSACTION | |
| control field | 20210302144129.0 |
| 008 - FIXED-LENGTH DATA ELEMENTS--GENERAL INFORMATION | |
| fixed length control field | 890619s1989 mnua b 001 0 eng |
| 010 ## - LIBRARY OF CONGRESS CONTROL NUMBER | |
| LC control number | 89-15153 |
| 020 ## - INTERNATIONAL STANDARD BOOK NUMBER | |
| International Standard Book Number | 0871239302 |
| 035 ## - SYSTEM CONTROL NUMBER | |
| System control number | 5146267 |
| 040 ## - CATALOGING SOURCE | |
| Original cataloging agency | DLC |
| Transcribing agency | DLC |
| Modifying agency | OSU |
| 050 ## - LIBRARY OF CONGRESS CALL NUMBER | |
| Classification number | BV4464.3 |
| Item number | H473H |
| 050 00 - LIBRARY OF CONGRESS CALL NUMBER | |
| Classification number | BV4464.3 |
| Item number | H473H |
| 082 ## - DEWEY DECIMAL CLASSIFICATION NUMBER | |
| Item number | H473H |
| 100 1# - MAIN ENTRY--PERSONAL NAME | |
| Personal name | Heitritter, Lynn |
| 245 10 - TITLE STATEMENT | |
| Title | Helping victims of sexual abuse : |
| Remainder of title | a sensitive, Biblical guide for counselors, victims, and families / |
| Statement of responsibility, etc. | Lynn Heitritter & Jeanette Vought |
| 260 ## - PUBLICATION, DISTRIBUTION, ETC. | |
| Place of publication, distribution, etc. | Minneapolis, Minn. : |
| Name of publisher, distributor, etc. | Bethany House Publishers, |
| Date of publication, distribution, etc. | c1989 |
| 300 ## - PHYSICAL DESCRIPTION | |
| Extent | 272 p. : |
| Other physical details | ill. ; |
| Dimensions | 22 cm |
| 504 ## - BIBLIOGRAPHY, ETC. NOTE | |
| Bibliography, etc. note | Includes bibliographical references and index |
| 650 #0 - SUBJECT ADDED ENTRY--TOPICAL TERM | |
| Topical term or geographic name entry element | Sexually abused children |
| General subdivision | Pastoral counseling of |
| 650 #0 - SUBJECT ADDED ENTRY--TOPICAL TERM | |
| Topical term or geographic name entry element | Adult child sexual abuse victims |
| General subdivision | Pastoral counseling of |
| 700 10 - ADDED ENTRY--PERSONAL NAME | |
| Personal name | Vought, Jeanette |
| 942 ## - ADDED ENTRY ELEMENTS (KOHA) | |
| Source of classification or shelving scheme | Dewey Decimal Classification |
| Koha item type | Books |
| Withdrawn status | Lost status | Source of classification or shelving scheme | Damaged status | Not for loan | Collection code | Home library | Current library | Shelving location | Date acquired | Total Checkouts | Full call number | Barcode | Date last seen | Price effective from | Koha item type |
|---|---|---|---|---|---|---|---|---|---|---|---|---|---|---|---|
| Dewey Decimal Classification | Non-fiction | Harvest Mission College | Harvest Mission College | General Stacks | 10.03.2021 | 261.832 H473H | 012433 | 10.03.2021 | 10.03.2021 | Books |
